| 000 | 00967nam a2200253Ia 4500 | ||
|---|---|---|---|
| 003 | GCL | ||
| 008 | 140319s9999 xx 000 0 ara d | ||
| 040 |
_aGCL / _cGCL |
||
| 082 | 0 | 4 |
_a025.3 _bج ق |
| 100 | 1 | _aمحمد فتحى عبدالهادى | |
| 245 | 1 | 0 |
_aقواعد الفهرسةالانجلو - امريكية: الطبعة الثانيةمراجعة 1988 مع تعديلات 1993 ( مج 1 : 7 نسخ ) / _cمحمد فتحى عبدالهادى |
| 700 | 1 | _aجورمان، ميشيل | |
| 700 | 1 | _aونكلر,بول . و | |
| 700 | 1 | _aنبيلة خليفة جمعة | |
| 700 | 1 | _aيسرية عبدالحليم زايد | |
| 300 | _a515 ص | ||
| 490 |
_aالهيئة العامة للاستعلامات _v0 |
||
| 650 | 0 | 4 | _aالمعارف العامة |
| 650 | 0 | 4 | _aالفهرسة |
| 650 | 0 | 4 | _aالمكتبات |
| 650 | 0 | 4 | _aالتقنين الانجلو امريكى للفهرسة |
| 650 | 0 | 4 | _aالفهرسة الوصفية |
| 942 |
_2ddc _cBK |
||
| 999 |
_c48976 _d48976 |
||